Fashion: Seductive Play (Record no. 4823)

MARC details
000 -CABECERA
campo de control de longitud fija 02575nam a2200385 a 4500
001 - NÚMERO DE CONTROL
campo de control 10302651
003 - IDENTIFICADOR DEL NÚMERO DE CONTROL
campo de control CaAEU
006 - CÓDIGOS DE INFORMACIÓN DE LONGITUD FIJA--CARACTERÍSTICAS DEL MATERIAL ADICIONAL
campo de control de longitud fija m o d
007 - CAMPO FIJO DE DESCRIPCIÓN FÍSICA--INFORMACIÓN GENERAL
campo de control de longitud fija cr cn|||||||||
008 - DATOS DE LONGITUD FIJA--INFORMACIÓN GENERAL
campo de control de longitud fija 230710s2023 enk o 001 0 eng
020 ## - NÚMERO INTERNACIONAL ESTÁNDAR DEL LIBRO
Número Internacional Estándar del Libro 9781350200395
024 7# - IDENTIFICADOR DE OTROS ESTÁNDARES
Número estándar o código 10.5040/9781350200425
Fuente del número o código doi
035 ## - NÚMERO DE CONTROL DEL SISTEMA
Número de control de sistema on1390967993
039 ## - NIVEL DE CONTROL BIBLIOGRÁFICO Y DETALLES DE CODIFICACIÓN [OBSOLETO]
Nivel de reglas en descripción bibliográfica exclude
040 ## - FUENTE DE LA CATALOGACIÓN
Centro catalogador/agencia de origen UkLoBP
Lengua de catalogación eng
Normas de descripción rda
Centro/agencia transcriptor UkLoBP
Centro/agencia modificador AEU
041 ## - CÓDIGO DE LENGUA
Código de lengua del texto/banda sonora o título independiente Englsih
100 ## - ENTRADA PRINCIPAL--NOMBRE DE PERSONA
Nombre de persona Fink, Eugen,
Término indicativo de función/relación author.
9 (RLIN) 25660
245 00 - MENCIÓN DE TÍTULO
Título Fashion: Seductive Play
Número de parte o sección de la obra / Eugen Fink
Mención de responsabilidad, etc. edited by Stefano Marino and Giovanni Matteucci.
250 ## - MENCIÓN DE EDICIÓN
Mención de edición First edition
264 #1 - PRODUCCIÓN, PUBLICACIÓN, DISTRIBUCIÓN, FABRICACIÓN Y COPYRIGHT
Producción, publicación, distribución, fabricación y copyright London :
Nombre del de productor, editor, distribuidor, fabricante Bloomsbury Visual Arts,
Fecha de producción, publicación, distribución, fabricación o copyright 2023.
300 ## - DESCRIPCIÓN FÍSICA
Extensión 160 pages
505 ## - NOTA DE CONTENIDO CON FORMATO
Nota de contenido con formato The Magical Powers of Fashion<br/>— The Social Phenomenon of Fashion<br/>— Fashion – The Wish to Be Always Different<br/>— Appeal and Performance of Fashion<br/>— Fashion Has Many Faces<br/>— Leadership or Seduction in Fashion<br/>— Is Fashion Existentially Justified?
520 ## - SUMARIO, ETC.
Sumario, etc. In Germany, 1969, Eugen Fink's Fashion: Seductive Play was published. This first English language edition, updated with an introduction by Stefano Marino and Giovanni Matteucci, makes available Fink's philosophical investigation into fashion to an English-speaking audience. One of the greatest figures in the "phenomenological movement," Fink here investigates fashion at various philosophical levels - aesthetic, ethical, social - and in relationship to other forms of human culture, especially contemporary culture. Although there have been many transformations and changes in the world of fashion since the late 1960s, from prêt-à-porter to fast fashion, fashion's connection to both high culture and popular culture, and the new relationship between fashion and the advent of social media, Fink's insights allow wide-ranging and far-reaching inquiries into fashion's philosophical essence. Fink's extraordinary lucidity and his unique conceptual capacities have made his work crucial to the study of the philosophy of fashion today. His work, like that of Simmel's, Veblen's or Benjamin's, is as essential and important now as when it was first published.
600 #0 - PUNTO DE ACCESO ADICIONAL DE MATERIA--NOMBRE DE PERSONA
Nombre de persona Fink, Eugen,
9 (RLIN) 25660
650 #0 - PUNTO DE ACCESO ADICIONAL DE MATERIA--TÉRMINO DE MATERIA
Término de materia o nombre geográfico como elemento de entrada Fashion
9 (RLIN) 1004
650 #0 - PUNTO DE ACCESO ADICIONAL DE MATERIA--TÉRMINO DE MATERIA
Término de materia o nombre geográfico como elemento de entrada Phenomenology
9 (RLIN) 25661
650 #0 - PUNTO DE ACCESO ADICIONAL DE MATERIA--TÉRMINO DE MATERIA
Término de materia o nombre geográfico como elemento de entrada Philosophy of fashion
9 (RLIN) 25662
650 #0 - PUNTO DE ACCESO ADICIONAL DE MATERIA--TÉRMINO DE MATERIA
Término de materia o nombre geográfico como elemento de entrada Social identity
9 (RLIN) 9508
650 #0 - PUNTO DE ACCESO ADICIONAL DE MATERIA--TÉRMINO DE MATERIA
Término de materia o nombre geográfico como elemento de entrada Aesthetics
9 (RLIN) 7380
700 ## - ENTRADA AGREGADA--NOMBRE PERSONAL
Nombre de persona Marino, Stefano,
Término indicativo de función/relación editor.
9 (RLIN) 25663
700 ## - ENTRADA AGREGADA--NOMBRE PERSONAL
Nombre de persona Matteucci, Giovanni,
Término indicativo de función/relación editor.
9 (RLIN) 25664
700 ## - ENTRADA AGREGADA--NOMBRE PERSONAL
Nombre de persona Moore, Ian Alexander,
Término indicativo de función/relación translator.
9 (RLIN) 25665
700 ## - ENTRADA AGREGADA--NOMBRE PERSONAL
Nombre de persona Turner, Christopher,
Término indicativo de función/relación translator.
9 (RLIN) 25666
942 ## - ELEMENTOS DE ENTRADA AGREGADA (KOHA)
Fuente del sistema de clasificación o colocación Clasificación de Library of Congress
Holdings
Estado de retiro Estado de pérdida Fuente del sistema de clasificación o colocación Estado dañado No para préstamo Biblioteca de origen Biblioteca actual Fecha de adquisición Total de préstamos Signatura topográfica completa Código de barras Fecha visto por última vez Número de copia Precio válido a partir de Tipo de ítem Koha
    Clasificación de Library of Congress     TBS Barcelona TBS Barcelona 03/07/2025   BH301.F3 FIN B07658 03/07/2025 1 03/07/2025 Book

Powered by Koha